Sports Quiz

Random Sports Quiz

Quiz week-end 6 Stats

 Plays Quiz not verified by Sporcle

Score 0/10 Timer 10:00
0 Plays Today
Intitulé Réponse % Correct
Le score de Watford-Manchester City.0-6
88.4%
Il est le premier buteur de l’histoire du stade Wanda Metropolitano.Antoine Griezmann
85.5%
Il a permis à Bordeaux de remporter le derby de la Garonne.Malcom
84.7%
Il est à cinq buts en quatre matchs avec l’OM cette saison.Clinton Njie
83.7%
Didier Deschamps ne regarde pas ses matchs, pourtant il met des doublés contre Alanyaspor.Mathieu Valbuena
59.8%
Il a planté un triplé, dont deux pénaltys, contre Benevento.Dries Mertens
53%
Il a ouvert le score pour le Real Madrid.Borja Mayoral
44.4%
Le nombre de buts lors des quatre matchs de Ligue 1 samedi à 20h.4
40%
Le nombre de buts de Falcao en Ligue 1 cette saison.9
39%
Ce club a remporté ses premiers points de la saison en Premier League.Bournemouth
27.2%

You're not logged in!

Compare scores with friends on all Sporcle quizzes.
OR
Log In

Sporcle TV

Today on Sporcle TV


Watch our educational content, quiz creation guides, and fun videos on Sporcle TV.

Show Comments

Extras

Created Sep 18, 2017ReportNominate
Tags:amateur, mode

Top Quizzes Today


Score Distribution

Your Account Isn't Verified!

In order to create a playlist on Sporcle, you need to verify the email address you used during registration. Go to your Sporcle Settings to finish the process.

Report this User

Report this user for behavior that violates our Community Guidelines.

Details: